| 000 | 00489nam a2200181Ia 4500 | ||
|---|---|---|---|
| 008 | 240925s9999 xx 000 0 und d | ||
| 020 | _a205158056 | ||
| 082 | _a612.8 CAR | ||
| 100 | _aCarlson ,Neil R. | ||
| 245 | 0 | _aFoundations of Physiological Psychology | |
| 250 | _a3rd | ||
| 260 |
_aBoston: _bAllyn and Bacon _c,1995. |
||
| 300 |
_axviii,332p. _bNA _fOriginal |
||
| 500 | _aIncludes Index | ||
| 600 | _aHumanities & Natural Science | ||
| 650 | _aMedicine and health | ||
| 942 | _cBK | ||
| 999 |
_c5226 _d5226 |
||